000 00782nam a2200229Ii 4500
003 JO-AjNU
008 230605s9999||||xx |||||||||||||| ||und||
017 _a2009/8/3792
020 _a9957-16-561-1
040 _aJO-AjNU
_bara
_erda
_cJO-AjNU
041 _aara
050 1 4 _aKMM97.2010
100 3 _a ياملكي ، أكرم ,
_eauthor
_925328
245 0 0 _aالقانون التجاري " دراسة مقارنة " في الأعمال التجارية والتجر والمتجر والعقود التجارية
250 _aط1
264 3 1 _aعمان : دار الثقافة ،2010
300 _a320ص
336 _atext
_btxt
_2rdacontent
337 _aunmediated
_bn
_2rdamedia
338 _avolume
_bnc
_2rdacarrier
650 4 _aالقانون التجاري
_925329
999 _aA9458
_c13026
_d13026